1115 1320 1606 1700 1374 1971 1342 1784 1087 1647 1435 1089 1721 1227 1892 1699 1659 1942 1267 1583 1430 1545 1262 1042 1716 1072 1284 1379 1399 1882 1696 1298 1598 1620 1882 1507 1755 1084 1381 1366 1816 1247 1600 1106 1233 1290 1568 1284 1828 1032 1105 1021 1591 1877 1232 1068 1681 1149 1943 1280 1243 1104 1157 1978 1293 1695 1548 1259 1823 1110 1379 1103 1494 1340 1508 1612 1190 1561 1105 1333 1548 1798 1745 1234 1193 1623 1524 1632 1980 1455 1593 1237 1784 1131 1337 1287 1493 1981 1142 BCNSPRNW ULIB Ver.6.0+V

เปลี่ยนเป็นภาษาไทย

Change to English
 แสดงรายละเอียดบรรณานุกรม
  กลับหน้าหลัก

Brief Record : Get Marc (ISO 2709) : E-mail record : QR code < ปิดหน้าต่าง
LEADER : 00000nam 2200000uu 4500
001    13399128945
003     ULIB
008    241101s2567||||th 000 0 tha d
020    ^a9786167829760
060  0 ^aWY62^bช576ค
100 0  ^aชิษณุ พันธุ์เจริญ (บ.ก.)
245 00 ^aCommunication Skill การสื่อสารทางการแพทย์แบบมืออาชีพ/^cชิษณุ พันธุ์เจริญ (บ.ก.)
250    ^aพิมพ์ครั้งที่ 2
260    ^aกรุงเทพฯ:^bศูนย์ฝึกอบรมทักษะการสื่อสาร ฝ่ายกุมารเวชศาสตร์ โรงพยาบาลจุฬาลงกรณ์,^c2567
650  0 ^aการสื่อสาร
650  0 ^aบุคลากรสาธารณสุข
945    ^p200^l0^i30324
945    ^p200^l0^i30325
999    ^aกัณชพร จุลอักษร
รายการนี้ยังไม่มีแท็ก
คุณยังไม่ได้ล็อกอิน คุณสามารถมีกิจกรรมร่วมกับเว็บไซต์ได้ แต่ต้องล็อกอินก่อน ::
  ล็อกอิน

รายการสื่อสารสนเทศ

ลำดับที่ ประเภท เลขเรียก/บาร์โค้ด สถานที่ สถานะ
1. หนังสือสำรอง
หนังสือสำรอง
WY62 ช576ค ฉ.1 
  Barcode: 30324
ห้องสมุดวิทยาเขตนครสวรรค์
►หนังสือทั่วไป:l:General Books
บนชั้น
2. วิทยาศาสตร์การแพทย์ และสุขภาพ
วิทยาศาสตร์การแพทย์ และสุขภาพ
WY62 ช576ค ฉ.2 
  Barcode: 30325
ห้องสมุดวิทยาเขตนครสวรรค์
►หนังสือทั่วไป:l:General Books
บนชั้น

รายการใกล้เคียง
    ผู้แต่ง [ชิษณุ พันธุ์เจริญ (บ.ก.)]

    หัวเรื่อง [การสื่อสาร]
    หัวเรื่อง [บุคลากรสาธารณสุข]

BibComment


ยังไม่เคยถูกคอมเมนท์

คอมเมนท์ทรัพยากรรายการนี้
  คอมเมนท์: Communication Sk..


 Copyright 2026. Bcnsprnw @Library